000 00658nam a2200205 i 4500
001 135492
003 ES-MaACL
007 t|
008 070718s1966 mx ||||1| spa d
080 _a972"1810/.21(093.2)
100 1 _aTorre Villar, Ernesto de la.
_9110790
245 1 4 _aLos "Guadalupes" y la independencia, con una selección de documentos inéditos /
_cErnesto de la Torre Villar.
250 _a[1ªed.].
260 _aMéxico :
_bJus,
_c1966.
300 _aLXXIX, 186 p. ;
_c24 cm.
490 1 _aColección México Heróico
830 0 _aColección México Heróico
_9180738
852 _aES-MaACL
_jE-9726
_bR.94167
999 _c135492
_d135492